Behemoth. El largo parlamento
Saved in:
| Hovedforfatter: | |
|---|---|
| Andre forfattere: | |
| Format: | Bog |
| Sprog: | spansk |
| Udgivet: |
Madrid, España:
Centro de Estudios Constitucionales,
1992.
|
| Serier: | Clásicos Políticos.
|
| Fag: | |
| Tags: |
Tilføj Tag
Ingen Tags, Vær først til at tagge denne postø!
|
MARC
| LEADER | 00000cam a2200000 a 4500 | ||
|---|---|---|---|
| 001 | UCD3764 | ||
| 003 | CL-VaPUC | ||
| 005 | 20250313110307.0 | ||
| 008 | 160616e19920000sp |||||||||||||||||spa|d | ||
| 999 | |c 364780 |d 364778 | ||
| 020 | |a 84-2590-902-3 | ||
| 040 | |c Pontificia Universidad Católica de Valparaíso | ||
| 082 | 0 | 4 | |a 320.01 HOB 1992 |2 21 |
| 100 | |a Hobbes, Thomas |e autor |9 223165 | ||
| 245 | 1 | 0 | |a Behemoth. |b El largo parlamento |
| 260 | |a Madrid, España: |b Centro de Estudios Constitucionales, |c 1992. | ||
| 300 | |a 189 páginas. | ||
| 490 | 0 | |a Clásicos Políticos. | |
| 500 | |a c.2 Donación Familia Prof. Alejandro Guzmán Brito. | ||
| 583 | |a last modification |c 20160616 22:39:00 |k Rodrigo Vera | ||
| 650 | 0 | |a Filosofía política |9 295215 | |
| 650 | 0 | |a Historia de la política |9 483778 |z Gran Bretaña | |
| 650 | 0 | |a Diálogos |2 CL-VaPUC |9 257026 | |
| 700 | |a Hermosa Ándujar, Antonio |e traducción |e estudio preliminar |9 865636 | ||
| 942 | |c BK |2 ddc |n 0 | ||
| 945 | |d 20160616 22:39:00 |a arojas | ||
| 952 | |0 0 |1 0 |3 erb |4 0 |6 320_010000000000000_HOB_1992 |7 0 |8 A |9 478369 |a FDOHBE |b FDOHBE |e Huesbe Llanos, Marco Antonio, 1934- |i 5309492 |o 320.01 HOB 1992 |p 5309492 |r 2024-01-30 |w 2019-11-24 |y BK |z Catalogado en:20160616 |k HBE | ||